[Event "New York/Lyon (m/14)"]
[Site "?"]
[Date "1990.??.??"]
[Round "?"]
[White "Kasparov, Garry"]
[Black "Karpov, An"]
[Result "1/2-1/2"]
[WhiteElo "2800"]
[BlackElo "2730"]
[PlyCount "81"]
[EventDate "1990.??.??"]
[Source "ChessBase"]
[SourceDate "1990.07.01"]

1. e4 e5 2. Nf3 Nc6 3. d4 exd4 4. Nxd4 Nf6 5. Nxc6 bxc6 6. e5 Qe7 7. Qe2 Nd5 8. c4 Ba6 9. b3 O-O-O 10. g3 Re8 11. Bb2 f6 12. Bg2 fxe5 13. O-O h5 14. Qd2 Nf6 15. Qa5 Bb7 16. Ba3 Qe6 17. Bxf8 Rhxf8 18. Qxa7 Qg4 19. Na3 h4 20. Nc2 h3 21. Bh1 Ne4 22. a4 Nc3 23. Rae1 Ne2+ 24. Rxe2 Qxe2 25. Nb4 d5 26. cxd5 cxd5 27. Bxd5 Bxd5 28. Nxd5 Qc2 29. Qa6+ Kd7 30. Ne3 Qe4 31. Rc1 Rb8 32. Qf1 Rxb3 33. Qxh3+ Kd8 34. Qh5 Kc8 35. Qd1 Rxe3 36. fxe3 Qxe3+ 37. Kh1 Qe4+ 38. Kg1 Qe3+ 39. Kh1 Qe4+ 40. Kg1 Rd8 41. Qc2 1/2-1/2

[Event "Sarajevo 75/289"]
[Site "?"]
[Date "1999.??.??"]
[Round "?"]
[White "Kasparov, Garry"]
[Black "Adams, Michael"]
[Result "1-0"]
[WhiteElo "2812"]
[BlackElo "2716"]
[PlyCount "63"]
[EventDate "1999.??.??"]
[Source "ChessBase"]
[SourceDate "1999.02.01"]

1. e4 e5 2. Nf3 Nc6 3. d4 exd4 4. Nxd4 Nf6 5. Nxc6 bxc6 6. e5 Qe7 7. Qe2 Nd5 8. c4 Nb6 9. Nc3 Qe6 10. Qe4 Ba6 11. b3 Bb4 12. Bd2 Bxc3 13. Bxc3 d5 14. Qh4 dxc4 15. Be2 Nd5 16. Bd4 c5 17. Bxc5 Nc3 18. Bxc4 Qxe5+ 19. Be3 Ne4 20. O-O Bxc4 21. bxc4 O-O 22. Rfe1 Rfe8 23. f3 Nd6 24. Bf2 Qf5 25. c5 Nb5 26. Qb4 Qd3 27. Red1 a5 28. Qa4 Qe2 29. Re1 Qd3 30. Rxe8+ Rxe8 31. Rd1 Qe2 32. Re1 1-0

[Event "Wijk aan Zee"]
[Site "?"]
[Date "2000.??.??"]
[Round "?"]
[White "Kasparov, Garry"]
[Black "Timman, J."]
[Result "1-0"]
[WhiteElo "2850"]
[BlackElo "2655"]
[PlyCount "71"]
[EventDate "2000.??.??"]
[Source "Chess Informant"]
[SourceDate "1999.10.01"]

1. e4 e5 2. Nf3 Nc6 3. d4 exd4 4. Nxd4 Nf6 5. Nxc6 bxc6 6. e5 Qe7 7. Qe2 Nd5 8. c4 Nb6 9. Nc3 Qe6 10. Qe4 Ba6 11. b3 Bb4 12. Bd2 Bxc3 13. Bxc3 d5 14. Qh4 dxc4 15. Be2 Nd5 16. Bxc4 g5 17. Qd4 Bxc4 18. Qxc4 Nf4 19. Qxe6+ Nxe6 20. O-O-O Ke7 21. Rhe1 Rhd8 22. Rxd8 Rxd8 23. Re4 Rd5 24. Kc2 c5 25. Ra4 Nd4+ 26. Bxd4 cxd4 27. Rxa7 Kd7 28. Kd3 Rxe5 29. Ra4 c5 30. b4 Ke6 31. Ra6+ Kf5 32. b5 Rd5 33. Rc6 c4+ 34. Kxc4 d3 35. Kxd5 d2 36. g4+ 1-0

[Event "Yerevan (ol)"]
[Site "?"]
[Date "1996.??.??"]
[Round "?"]
[White "Kasparov, Garry"]
[Black "Sokolov, I."]
[Result "1-0"]
[WhiteElo "2785"]
[BlackElo "2670"]
[PlyCount "71"]
[EventDate "1996.??.??"]
[Source "ChessBase"]
[SourceDate "1996.06.01"]

1. e4 e5 2. Nf3 Nc6 3. d4 exd4 4. Nxd4 Nf6 5. Nxc6 bxc6 6. e5 Qe7 7. Qe2 Nd5 8. c4 Ba6 9. g3 g6 10. b3 Bg7 11. Bb2 O-O 12. Bg2 Rfe8 13. O-O Nb6 14. Re1 d5 15. Qc2 Rad8 16. Nd2 Qc5 17. Rac1 d4 18. Nf3 d3 19. Qd2 Bc8 20. h3 h5 21. Rcd1 Bf5 22. e6 Rxe6 23. Rxe6 Bxe6 24. Bxg7 Kxg7 25. Qc3+ Kg8 26. Rxd3 Rxd3 27. Qxd3 Nd7 28. Qc3 Bf5 29. Nd4 Qe5 30. Qd2 c5 31. Nxf5 Qxf5 32. Qa5 Ne5 33. Qxa7 h4 34. Qa8+ Kg7 35. Qe4 Qf6 36. Qxh4 1-0

[Event "Sarajevo Bosnia"]
[Site "Sarajevo"]
[Date "2003.05.20"]
[Round "3"]
[White "Movsesian, Sergei"]
[Black "Kasimdzhanov, Rustam"]
[Result "1/2-1/2"]
[WhiteElo "2659"]
[BlackElo "2680"]
[PlyCount "42"]
[EventDate "2003.05.18"]
[Source "ChessBase"]
[SourceDate "2003.09.25"]

1. e4 e5 2. Nf3 Nc6 3. d4 exd4 4. Nxd4 Nf6 5. Nxc6 bxc6 6. e5 Qe7 7. Qe2 Nd5 8. c4 Nb6 9. Nc3 Qe6 10. Qe4 Bb4 11. Bd2 Ba6 12. b3 Bxc3 13. Bxc3 d5 14. Qh4 dxc4 15. Be2 Nd5 16. Bxc4 g5 17. Qd4 Bxc4 18. Qxc4 O-O-O 19. O-O Nf4 20. Qxe6+ Nxe6 21. Rac1 Rd3 1/2-1/2

[Event "Poikovsky Karpov 5th"]
[Site "Poikovsky"]
[Date "2004.03.23"]
[Round "6"]
[White "Rublevsky, Sergei"]
[Black "Lautier, Joel"]
[Result "1-0"]
[WhiteElo "2655"]
[BlackElo "2676"]
[PlyCount "97"]
[EventDate "2004.03.17"]
[Source "ChessBase"]
[SourceDate "2004.06.01"]

1. e4 e5 2. Nf3 Nc6 3. d4 exd4 4. Nxd4 Nf6 5. Nxc6 bxc6 6. e5 Qe7 7. Qe2 Nd5 8. c4 Nb6 9. Nc3 Qe6 10. Qe4 g6 11. Bd3 Ba6 12. b3 Bg7 13. f4 O-O 14. Ba3 Rfc8 15. O-O d5 16. cxd5 cxd5 17. Qf3 Bxd3 18. Qxd3 f6 19. f5 gxf5 20. exf6 Qxf6 21. Ne2 c5 22. Qf3 c4 23. Ng3 Qd4+ 24. Kh1 Qg4 25. Rad1 Bf8 26. Bb2 Bg7 27. Bxg7 Qxf3 28. Rxf3 Kxg7 29. Nxf5+ Kh8 30. Kg1 Rf8 31. Kf2 Rae8 32. Ne3 Rxf3+ 33. Kxf3 Rf8+ 34. Ke2 Re8 35. Rd4 Kg7 36. Kd2 cxb3 37. axb3 h5 38. Kd3 Re5 39. Rf4 Re8 40. Kd4 Kg6 41. b4 Rb8 42. h4 Re8 43. Nxd5 Nxd5 44. Kxd5 Re2 45. g4 hxg4 46. Rxg4+ Kh5 47. Rc4 Rb2 48. Kc6 Rb1 49. Kb7 1-0

[Event "Poikovsky (Russia)"]
[Site "?"]
[Date "2004.03.23"]
[Round "6"]
[White "Rublevsky Sergei"]
[Black "Lautier Joel"]
[Result "1-0"]
[WhiteElo "2649"]
[BlackElo "2682"]
[PlyCount "43"]
[EventDate "2004.??.??"]
[Source "www.chesslib.no"]
[SourceDate "2004.05.04"]

1. e4 e5 2. Nf3 Nc6 3. d4 exd4 4. Nxd4 Nf6 5. Nxc6 bxc6 6. e5 Qe7 7. Qe2 Nd5 8. c4 Nb6 9. Nc3 Qe6 10. Qe4 g6 11. Bd3 Ba6 12. b3 Bg7 13. f4 O-O 14. Ba3 f5 15. Qf3 d6 16. Qxc6 dxe5 17. Qxe6+ Kh8 18. O-O Rae8 19. Rf3 h5 20. b4 Rb8 21. h4 Nd5 22. Nxd5 1-0

[Event "YUG-chT 52nd"]
[Site "?"]
[Date "2000.08.28"]
[Round "5"]
[White "Rublevsky Sergei"]
[Black "Beliavsky Alexander G"]
[Result "1/2-1/2"]
[WhiteElo "2670"]
[BlackElo "2654"]
[PlyCount "51"]
[EventDate "2000.??.??"]
[Source "www.chesslib.no"]
[SourceDate "2004.05.04"]

1. e4 e5 2. Nf3 Nc6 3. d4 exd4 4. Nxd4 Nf6 5. Nxc6 bxc6 6. e5 Qe7 7. Qe2 Nd5 8. c4 Nb6 9. Nd2 d5 10. exd6 cxd6 11. b3 Bg4 12. f3 Be6 13. Bb2 d5 14. cxd5 Nxd5 15. O-O-O Qg5 16. h4 Qe3 17. h5 h6 18. Qxe3 Nxe3 19. Re1 Nxf1 20. Rhxf1 O-O-O 21. Ne4 Rg8 22. Rf2 Rd5 23. g4 Bb4 24. Bc3 Ba3+ 25. Bb2 Bb4 26. Bc3 1/2-1/2

[Event "European Club Cup 2002"]
[Site "?"]
[Date "2002.09.27"]
[Round "6.13"]
[White "Rublevsky Sergei"]
[Black "Lautier Joel"]
[Result "1/2-1/2"]
[WhiteElo "2658"]
[BlackElo "2663"]
[PlyCount "72"]
[EventDate "2002.??.??"]
[Source "www.chesslib.no"]
[SourceDate "2004.05.04"]

1. e4 e5 2. Nf3 Nc6 3. d4 exd4 4. Nxd4 Nf6 5. Nxc6 bxc6 6. e5 Qe7 7. Qe2 Nd5 8. c4 Nb6 9. Nc3 Qe6 10. Qe4 d5 11. exd6 cxd6 12. Be3 Qxe4 13. Nxe4 Bf5 14. Nc3 Be7 15. Be2 O-O 16. O-O Be6 17. b3 d5 18. cxd5 Nxd5 19. Nxd5 Bxd5 20. Bf3 Bxf3 21. gxf3 Ba3 22. Rad1 Rfe8 23. Rd7 a5 24. Rfd1 h6 25. Rc7 Re6 26. Rdd7 Rf6 27. Kg2 Rg6+ 28. Kf1 Rf6 29. Kg2 Rg6+ 30. Kh3 Rf6 31. f4 Bb2 32. Kg4 a4 33. Ra7 Rxa7 34. Rxa7 axb3 35. axb3 Rd6 36. Rc7 Ba3 1/2-1/2

[Event "European Club Cup 2002"]
[Site "?"]
[Date "2002.09.26"]
[Round "5.14"]
[White "Movsesian Sergei"]
[Black "Bacrot Etienne"]
[Result "1/2-1/2"]
[WhiteElo "2654"]
[BlackElo "2653"]
[PlyCount "51"]
[EventDate "2002.??.??"]
[Source "www.chesslib.no"]
[SourceDate "2004.05.04"]

1. e4 e5 2. Nf3 Nc6 3. d4 exd4 4. Nxd4 Nf6 5. Nxc6 bxc6 6. e5 Qe7 7. Qe2 Nd5 8. c4 Ba6 9. b3 g6 10. g3 Bg7 11. Bb2 O-O 12. Bg2 Rae8 13. O-O Bxe5 14. Qxe5 Qxe5 15. Bxe5 Rxe5 16. cxd5 Bxf1 17. Kxf1 cxd5 18. Nd2 Rfe8 19. Bf3 a5 20. Rc1 c6 21. Nb1 Kf8 22. Nc3 Ke7 23. Na4 Kd6 24. Nc5 Rb8 25. Be2 Re7 26. Rc2 1/2-1/2

[Event "Jugoslavija"]
[Site "?"]
[Date "2000.??.??"]
[Round "?"]
[White "Rublevsky, S."]
[Black "Beliavsky, A."]
[Result "1/2-1/2"]
[WhiteElo "2660"]
[BlackElo "2640"]
[PlyCount "41"]
[EventDate "2000.??.??"]
[Source "Chess Informant"]
[SourceDate "2000.06.01"]

1. e4 e5 2. Nf3 Nc6 3. d4 exd4 4. Nxd4 Nf6 5. Nxc6 bxc6 6. e5 Qe7 7. Qe2 Nd5 8. c4 Nb6 9. Nd2 d5 10. exd6 cxd6 11. b3 Bg4 12. f3 Be6 13. Bb2 d5 14. cxd5 Nxd5 15. O-O-O Qg5 16. Qa6 Nb4 17. Qb7 Rd8 18. a3 Rd7 19. Qb8+ Rd8 20. Qb7 Rd7 21. Qb8+ 1/2-1/2

[Event "Russia - China"]
[Site "?"]
[Date "2004.??.??"]
[Round "?"]
[White "Rublevsky, S."]
[Black "Zhang, Zhong"]
[Result "1/2-1/2"]
[WhiteElo "2685"]
[BlackElo "2600"]
[PlyCount "111"]
[EventDate "2004.??.??"]
[Source "Chess Informant"]
[SourceDate "2004.10.01"]

1. e4 e5 2. Nf3 Nc6 3. d4 exd4 4. Nxd4 Nf6 5. Nxc6 bxc6 6. e5 Qe7 7. Qe2 Nd5 8. c4 Nb6 9. Nc3 a5 10. f4 Ba6 11. b3 Qe6 12. Bb2 a4 13. O-O-O Bb4 14. Ne4 axb3 15. axb3 Bb7 16. Qf2 Qe7 17. Nd6+ cxd6 18. exd6 Qd8 19. Bxg7 f6 20. Be2 Kf7 21. Qg3 h5 22. f5 Qe8 23. Bxh8 Qxh8 24. Qg6+ Kf8 25. Bxh5 Qg7 26. Kb2 Qxg6 27. Bxg6 Nc8 28. h4 Bxd6 29. Rhe1 c5 30. g4 Bc6 31. Re8+ Kg7 32. g5 Bf4 33. Rg1 fxg5 34. hxg5 d6 35. Re6 Bd7 36. Re4 Bh2 37. Rge1 Ra7 38. Rh4 Be5+ 39. Kc2 Ne7 40. Rh7+ Kf8 41. Rf7+ Ke8 42. Bh5 Ra2+ 43. Kd3 Rh2 44. Rxe5 dxe5 45. f6 Bf5+ 46. Ke3 Rh3+ 47. Kd2 Rxh5 48. Rxe7+ Kf8 49. Rxe5 Rxg5 50. Rxc5 Kf7 51. Rc6 Rg3 52. Rb6 Be6 53. Kc2 Kxf6 54. Rd6 Ke5 55. Rd8 Bf5+ 56. Kb2 1/2-1/2

[Event "Corr"]
[Site "?"]
[Date "1998.06.05"]
[Round "6"]
[White "Van Kempen Heinz Erich"]
[Black "Umansky Mikhail Markovich ("]
[Result "1-0"]
[WhiteElo "2565"]
[BlackElo "2700"]
[PlyCount "55"]
[EventDate "1998.??.??"]
[Source "www.chesslib.no"]
[SourceDate "2004.05.04"]

1. e4 e5 2. Nf3 Nc6 3. d4 exd4 4. Nxd4 Nf6 5. Nxc6 bxc6 6. Qe2 Qe7 7. e5 Nd5 8. c4 Ba6 9. b3 g6 10. g3 Bg7 11. Bb2 O-O 12. Bg2 f6 13. O-O fxe5 14. Qd2 e4 15. Bxg7 Qxg7 16. Bxe4 Ne3 17. Rc1 Ng4 18. f3 Nf6 19. Bd3 c5 20. Nc3 Bb7 21. Rf1 Rae8 22. Rae1 Rxe1 23. Qxe1 Ng4 24. Be4 Qd4+ 25. Kh1 c6 26. Ne2 Qe5 27. Nf4 d6 28. Qb1 1-0

[Event "Groningen"]
[Site "Groningen"]
[Date "1995.??.??"]
[Round "4"]
[White "Svidler, Peter"]
[Black "Sokolov, Ivan"]
[Result "1/2-1/2"]
[WhiteElo "2635"]
[BlackElo "2630"]
[PlyCount "48"]
[EventDate "1995.12.??"]
[Source "ChessBase"]

1. e4 e5 2. Nf3 Nc6 3. d4 exd4 4. Nxd4 Nf6 5. Nxc6 bxc6 6. e5 Qe7 7. Qe2 Nd5 8. c4 Nb6 9. Nd2 Qe6 10. b3 a5 11. Bb2 a4 12. Qe3 axb3 13. axb3 Rxa1+ 14. Bxa1 Bb4 15. Bd3 d6 16. O-O dxe5 17. Bxe5 f6 18. Bf4 Qxe3 19. Bxe3 O-O 20. Nf3 c5 21. Bf4 Rf7 22. h4 Bg4 23. Be4 Re7 24. Bd3 Bxf3 1/2-1/2

[Event "European Club Cup 2002"]
[Site "?"]
[Date "2002.09.28"]
[Round "7.24"]
[White "Movsesian Sergei"]
[Black "Kharlov Andrei"]
[Result "1-0"]
[WhiteElo "2654"]
[BlackElo "2609"]
[PlyCount "139"]
[EventDate "2002.??.??"]
[Source "www.chesslib.no"]
[SourceDate "2004.05.04"]

1. e4 e5 2. Nf3 Nc6 3. d4 exd4 4. Nxd4 Nf6 5. Nxc6 bxc6 6. e5 Qe7 7. Qe2 Nd5 8. c4 Nb6 9. Nc3 Qe6 10. Qe4 d5 11. exd6 cxd6 12. Bd3 Qxe4+ 13. Bxe4 Bb7 14. b3 d5 15. cxd5 cxd5 16. Bf3 Be7 17. Be3 Bf6 18. Rc1 Rc8 19. Kd2 O-O 20. Nb5 d4 21. Bxb7 dxe3+ 22. fxe3 Rce8 23. Ke2 Re7 24. Rc7 Rxc7 25. Nxc7 Be5 26. Nb5 Rb8 27. Be4 Nd5 28. Nxa7 Nc3+ 29. Kf3 Rb6 30. Nc6 Bf6 31. Rc1 Nxa2 32. Rc4 g6 33. Bc2 Kg7 34. e4 Bb2 35. Ke3 Ba3 36. e5 Nc1 37. Nd4 Bb2 38. Rc7 Bxd4+ 39. Kxd4 Nxb3+ 40. Kc3 Nc1 41. Bd1 Na2+ 42. Kd4 Kf8 43. Be2 f6 44. Bc4 fxe5+ 45. Kxe5 Nb4 46. Rf7+ Ke8 47. Rxh7 Nc6+ 48. Kf6 Ne7+ 49. Be6 Ng8+ 50. Kg7 Rxe6 51. Kxg8 Re2 52. g4 g5 53. h3 Re3 54. Kg7 Ra3 55. Kg6 Kf8 56. Rh8+ Ke7 57. Kxg5 Kf7 58. Kh4 Kg7 59. Rb8 Kg6 60. Rb6+ Kg7 61. g5 Kh7 62. Kg4 Kg7 63. h4 Ra4+ 64. Kh5 Kh7 65. Rb7+ Kg8 66. g6 Kh8 67. Kg5 Kg8 68. h5 Ra5+ 69. Kh6 Ra8 70. Rb5 1-0

[Event "EuTCh"]
[Site "Plovdiv"]
[Date "2003.10.17"]
[Round "6"]
[White "Sutovsky, Emil"]
[Black "Van den Doel, Erik"]
[Result "1-0"]
[WhiteElo "2646"]
[BlackElo "2609"]
[PlyCount "101"]
[EventDate "2003.10.10"]
[Source "Roberto Alvarez"]
[SourceDate "2003.10.20"]

1. e4 e5 2. Nf3 Nc6 3. d4 exd4 4. Nxd4 Nf6 5. Nxc6 bxc6 6. e5 Qe7 7. Qe2 Nd5 8. c4 Nb6 9. Nc3 Qe6 10. Qe4 d5 11. exd6 cxd6 12. Bd3 Ba6 13. Be3 Qxe4 14. Bxe4 Rc8 15. c5 dxc5 16. O-O-O Be7 17. Bf5 Rd8 18. Rxd8+ Kxd8 19. Rd1+ Kc7 20. Bf4+ Kb7 21. Re1 Bd8 22. Ne4 Bc4 23. Nxc5+ Ka8 24. a4 g6 25. Be4 Bd5 26. Bd3 a5 27. f3 h5 28. Bd2 g5 29. Bxa5 Nxa4 30. Bb4 Nxc5 31. Bxc5 g4 32. Be4 Bg5+ 33. Kc2 Re8 34. Kd3 Bxe4+ 35. Rxe4 Rxe4 36. fxe4 Kb7 37. e5 Kc7 38. Ke4 Kd7 39. Kf5 Bc1 40. Bd4 c5 41. Bxc5 Bxb2 42. Kf6 Ke8 43. Be3 h4 44. Kf5 g3 45. h3 Kd7 46. Bg5 Bc3 47. Bxh4 Be1 48. Bg5 Bf2 49. h4 Ke8 50. Bh6 Ke7 51. h5 1-0

[Event "Akureyri"]
[Site "?"]
[Date "1994.??.??"]
[Round "?"]
[White "Hjartarson, J."]
[Black "Sokolov, I."]
[Result "0-1"]
[WhiteElo "2595"]
[BlackElo "2650"]
[PlyCount "66"]
[EventDate "1994.??.??"]
[Source "ChessBase"]
[SourceDate "1994.02.01"]

1. e4 e5 2. Nf3 Nc6 3. d4 exd4 4. Nxd4 Nf6 5. Nxc6 bxc6 6. e5 Qe7 7. Qe2 Nd5 8. c4 Nb6 9. Nd2 Qe6 10. b3 Rb8 11. g3 Bb4 12. Bb2 Qg6 13. O-O-O O-O 14. a3 Be7 15. Qe3 d5 16. c5 d4 17. Bxd4 Nd5 18. Qd3 Bf5 19. Qc4 Rb5 20. h3 Ra5 21. Kb2 Rb8 22. Rg1 Nb6 23. cxb6 Bxa3+ 24. Kc3 c5 25. Be3 axb6 26. Nb1 Bxb1 27. Bd3 Bb4+ 28. Kb2 Bxd3 29. Qxd3 Qxd3 30. Rxd3 Rba8 31. Rb1 Ra2+ 32. Kc1 h5 33. Rd7 Re2 0-1

[Event "YUG-chT playoff"]
[Site "?"]
[Date "1997.??.??"]
[Round "?"]
[White "Rublevsky Sergei"]
[Black "Almasi Zoltan"]
[Result "1/2-1/2"]
[WhiteElo "2645"]
[BlackElo "2595"]
[PlyCount "37"]
[EventDate "1997.??.??"]
[Source "www.chesslib.no"]
[SourceDate "2004.05.04"]

1. e4 e5 2. Nf3 Nc6 3. d4 exd4 4. Nxd4 Nf6 5. Nxc6 bxc6 6. e5 Qe7 7. Qe2 Nd5 8. c4 Ba6 9. g3 f6 10. e6 Nb6 11. exd7+ Kf7 12. Qxe7+ Bxe7 13. c5 Bxf1 14. cxb6 Bh3 15. bxc7 Bxd7 16. Be3 Rhc8 17. Nc3 Rxc7 18. O-O Be6 19. Rfd1 1/2-1/2

[Event "Selfoss 86/325"]
[Site "?"]
[Date "2002.??.??"]
[Round "?"]
[White "Oral, T."]
[Black "Sokolov, I."]
[Result "0-1"]
[WhiteElo "2546"]
[BlackElo "2684"]
[PlyCount "82"]
[EventDate "2002.??.??"]
[Source "Chess Informant"]
[SourceDate "2002.10.01"]

1. e4 e5 2. Nf3 Nc6 3. d4 exd4 4. Nxd4 Nf6 5. Nxc6 bxc6 6. e5 Qe7 7. Qe2 Nd5 8. c4 Nb6 9. Nc3 Qe6 10. Qe4 d5 11. exd6 cxd6 12. Bf4 d5 13. cxd5 Nxd5 14. Qxe6+ Bxe6 15. Nxd5 Bxd5 16. O-O-O Bc5 17. Re1+ Kf8 18. Be3 Bb4 19. Rd1 Bxa2 20. Rd7 a5 21. Be2 Be6 22. Rc7 Rc8 23. Ra7 h5 24. Rd1 h4 25. Rc7 Ke8 26. Ra7 h3 27. g3 Kf8 28. Bg5 Kg8 29. f4 f6 30. Bh4 Re8 31. Kc2 Bf5+ 32. Bd3 Re2+ 33. Kc1 Bxd3 34. Rxd3 Rxh2 35. Rd8+ Kh7 36. Rdd7 Rg8 37. Bxf6 Kg6 38. Be5 Rh1+ 39. Kc2 h2 40. Rxg7+ Rxg7 41. Rxg7+ Kh6 0-1

[Event "TCh-BIH"]
[Site "Jahorina"]
[Date "2003.06.23"]
[Round "4"]
[White "Stevic, Hrvoje"]
[Black "Almasi, Zoltan"]
[Result "1/2-1/2"]
[WhiteElo "2550"]
[BlackElo "2676"]
[PlyCount "41"]
[EventDate "2003.06.21"]
[Source "Roberto Alvarez"]
[SourceDate "2003.07.07"]

1. e4 e5 2. Nf3 Nc6 3. d4 exd4 4. Nxd4 Nf6 5. Nxc6 bxc6 6. Bd3 d6 7. O-O g6 8. b3 Bg7 9. Bb2 O-O 10. Nd2 Re8 11. Re1 d5 12. exd5 Rxe1+ 13. Qxe1 cxd5 14. b4 Qd6 15. Nf3 Bg4 16. Be5 Qb6 17. Bd4 Qd6 18. Be5 Qb6 19. Bd4 Qd6 20. Be5 Qb6 21. Bd4 1/2-1/2

[Event "Chalkidiki"]
[Site "?"]
[Date "1992.??.??"]
[Round "?"]
[White "Illescas Cordoba, M."]
[Black "Sokolov, I."]
[Result "0-1"]
[WhiteElo "2600"]
[BlackElo "2625"]
[PlyCount "68"]
[EventDate "1992.??.??"]
[Source "ChessBase"]
[SourceDate "1992.06.01"]

1. e4 e5 2. Nf3 Nc6 3. d4 exd4 4. Nxd4 Nf6 5. Nxc6 bxc6 6. e5 Ne4 7. Bd3 Nc5 8. O-O d6 9. exd6 Bxd6 10. Be2 O-O 11. Nd2 Be6 12. Nf3 Ne4 13. Bd3 f5 14. Be3 Qf6 15. Bd4 Qh6 16. Be5 Rae8 17. Bxd6 cxd6 18. Re1 Bd7 19. c3 Kh8 20. Qc2 Qg6 21. Re2 c5 22. Nd2 Ng5 23. Kh1 Rxe2 24. Bxe2 Bc6 25. f3 Re8 26. Nf1 Qe6 27. Bd3 f4 28. Qd2 Nxf3 29. Qxf4 Ne1 30. Rxe1 Qxe1 31. Qxd6 Be4 32. Bb5 Qf2 33. Qg3 Rf8 34. h3 Qxb2 0-1

[Event "II Open ROMGAZ"]
[Site "Bucarest ROM"]
[Date "2008.09.18"]
[Round "8"]
[White "Kurnosov, I."]
[Black "Azarov, S."]
[Result "1/2-1/2"]
[WhiteElo "2617"]
[BlackElo "2605"]
[PlyCount "171"]
[EventDate "2008.09.11"]
[Source "www.chesslib.no"]
[SourceDate "2004.05.04"]

1. e4 e5 2. Nf3 Nc6 3. d4 exd4 4. Nxd4 Nf6 5. Nxc6 bxc6 6. e5 Qe7 7. Qe2 Nd5 8. c4 Ba6 9. b3 g5 10. h4 Bg7 11. Bb2 O-O-O 12. hxg5 Rde8 13. Nd2 Nf4 14. Qg4 Bxe5 15. O-O-O f6 16. Nf3 Bxb2+ 17. Kxb2 Ne6 18. gxf6 Qxf6+ 19. Kb1 Kb8 20. Bd3 Rhg8 21. Qh4 Qc3 22. Rhg1 Bc8 23. Bc2 c5 24. Qh6 Bb7 25. Rxd7 Bxf3 26. Rd3 Qa5 27. Rxf3 Nd4 28. Rc1 Nxf3 29. gxf3 Re1 30. Rxe1 Qxe1+ 31. Kb2 Qxf2 32. Qxh7 Rf8 33. Qe7 Qd4+ 34. Ka3 Qd6 35. Qxd6 cxd6 36. Be4 Kc7 37. Ka4 Kb6 38. a3 Rh8 39. b4 Rh2 40. Kb3 Re2 41. Bd5 Re3+ 42. Kb2 Kc7 43. Be4 Kd8 44. Bd5 Kd7 45. Ka2 cxb4 46. axb4 Ke7 47. Kb2 Kf6 48. Kc2 Ke5 49. Kb2 Kd4 50. Ka2 Kc3 51. Ka3 Re1 52. Ka4 Rb1 53. f4 Rxb4+ 54. Ka5 Rb1 55. f5 Rf1 56. Be6 Kd4 57. Ka6 Ra1+ 58. Kb5 Ke5 59. Bc8 Kf6 60. Bd7 Ke7 61. Bc8 Kd8 62. Be6 Kc7 63. f6 a6+ 64. Kb4 Rf1 65. f7 Kd8 66. Ka5 Ke7 67. Bd5 Ra1+ 68. Kb6 Ra3 69. Kb7 Ra5 70. Kb6 Ra1 71. Kb7 a5 72. Kb6 Ra2 73. Kb5 Ra1 74. Kb6 a4 75. Kb5 a3 76. Kb4 Kf8 77. Kb3 Kg7 78. Kb4 a2 79. Kb3 Rd1 80. Kxa2 Rxd5 81. cxd5 Kxf7 82. Kb3 Kf6 83. Kc3 Ke5 84. Kd2 Kd4 85. Ke2 Kc4 86. Kd2 1/2-1/2

[Event "Bermuda-A"]
[Site "Bermuda"]
[Date "2003.02.03"]
[Round "9"]
[White "Macieja, Bartlomiej"]
[Black "Vescovi, Giovanni P"]
[Result "1/2-1/2"]
[WhiteElo "2629"]
[BlackElo "2592"]
[PlyCount "63"]
[EventDate "2003.01.25"]
[Source "ChessBase"]
[SourceDate "2003.05.26"]

1. e4 e5 2. Nf3 Nc6 3. d4 exd4 4. Nxd4 Nf6 5. Nxc6 bxc6 6. e5 Qe7 7. Qe2 Nd5 8. c4 Ba6 9. b3 g6 10. f4 Qb4+ 11. Bd2 Qb6 12. Qe4 f5 13. Qf3 Qd4 14. Nc3 Nxc3 15. Bxc3 Bb4 16. Rc1 Bxc3+ 17. Rxc3 Bb7 18. c5 d5 19. cxd6 cxd6 20. Qe3 dxe5 21. Qxe5+ Qxe5+ 22. fxe5 O-O-O 23. Bc4 Rhe8 24. e6 c5 25. Rc2 Bd5 26. O-O Rxe6 27. Rfc1 Bxc4 28. Rxc4 Rd2 29. Rxc5+ Kd8 30. Rc8+ Ke7 31. R8c2 Rd7 32. Kf1 1/2-1/2

[Event "EU-chT (Men)"]
[Site "Pula"]
[Date "1997.??.??"]
[Round "7"]
[White "Oll, Lembit"]
[Black "Giorgadze, Giorgi"]
[Result "1/2-1/2"]
[WhiteElo "2625"]
[BlackElo "2595"]
[PlyCount "75"]
[EventDate "1997.05.05"]
[Source "ChessBase"]

1. e4 e5 2. Nf3 Nc6 3. d4 exd4 4. Nxd4 Nf6 5. Nxc6 bxc6 6. e5 Qe7 7. Qe2 Nd5 8. c4 Ba6 9. b3 O-O-O 10. g3 Re8 11. Bb2 f6 12. Bg2 fxe5 13. O-O h5 14. Qd2 Nf6 15. Qa5 Bb7 16. Ba3 Qe6 17. Qxa7 h4 18. Bxf8 hxg3 19. fxg3 Rexf8 20. Nc3 Qg4 21. Rad1 e4 22. Qe3 Re8 23. Rf4 Qg5 24. h4 Qe5 25. Bh3 Qe7 26. Qa7 Rd8 27. Na4 Rh5 28. Bf5 Qb4 29. Nc5 g5 30. hxg5 Rxg5 31. g4 Qb6 32. Qxb6 cxb6 33. Nxe4 Nxe4 34. Rxe4 c5 35. Re7 Bf3 36. Bxd7+ Kb8 37. Rd2 Bc6 38. Re8 1/2-1/2

[Event "France (ch) 88/291"]
[Site "?"]
[Date "2003.??.??"]
[Round "?"]
[White "Lautier, J."]
[Black "Fontaine, R."]
[Result "1-0"]
[WhiteElo "2677"]
[BlackElo "2541"]
[PlyCount "95"]
[EventDate "2003.??.??"]
[Source "Chess Informant"]
[SourceDate "2003.06.01"]

1. e4 e5 2. Nf3 Nc6 3. d4 exd4 4. Nxd4 Nf6 5. Nxc6 bxc6 6. e5 Qe7 7. Qe2 Nd5 8. c4 Ba6 9. b3 g6 10. f4 Qb4+ 11. Bd2 Qb6 12. Qf3 Nb4 13. Kd1 Bb7 14. Nc3 c5 15. Qe3 Qe6 16. Nb5 Na6 17. Kc2 Bg7 18. Re1 O-O 19. Bd3 f6 20. Qg3 fxe5 21. fxe5 Rae8 22. Bc3 Bh6 23. Rhf1 Rxf1 24. Rxf1 Bg7 25. Re1 Qc6 26. Be4 Qb6 27. Bxb7 Qxb7 28. a3 Re6 29. Qf3 Qb8 30. Rd1 Qe8 31. Qd3 Re7 32. Qd5+ Kh8 33. Qb7 Nb8 34. Nxc7 Qf8 35. Qe4 Nc6 36. Nd5 Rxe5 37. Bxe5 Bxe5 38. Kb1 Qf2 39. Qc2 Qh4 40. Qe2 d6 41. Qf3 Bg7 42. Nc3 h5 43. Qxc6 Bxc3 44. Qe8+ Kh7 45. Rxd6 Qg5 46. Rd7+ Bg7 47. Qf7 Qe5 48. Qxg7+ 1-0

[Event "Corr"]
[Site "?"]
[Date "1996.11.01"]
[Round "?"]
[White "Gottardi Gottardo (SUI)"]
[Black "Vitomskis Janis"]
[Result "1-0"]
[WhiteElo "2620"]
[BlackElo "2595"]
[PlyCount "45"]
[EventDate "1996.??.??"]
[Source "www.chesslib.no"]
[SourceDate "2004.05.04"]

1. e4 e5 2. Nf3 Nc6 3. d4 exd4 4. Nxd4 Nf6 5. Nxc6 bxc6 6. e5 Nd5 7. Bd3 d6 8. exd6 Bxd6 9. O-O Qh4 10. Re1+ Be6 11. g3 Qh3 12. Nd2 O-O-O 13. Ne4 Be7 14. Ng5 Bxg5 15. Bxg5 Rd6 16. Qd2 h6 17. Be3 Nf6 18. Bxa7 h5 19. Bc5 Rd5 20. Qa5 Ng4 21. Rxe6 Rxc5 22. Ba6+ Kd7 23. Re7+ 1-0